000 00667cam a2200205 4500
001 WS108072
008 000000n 000 0 eng u
035 _a(Sirsi) u108072
110 _aHong Kong Institute of Surveyors
_93136
245 _aHong Kong Institute of Surveyors
520 _aWeb site for this organisation including a list of members and a link to their journal 'The Hong Kong Surveyor'.
650 _aHONG KONG
650 _aSURVEYORS
650 _aAPC
_96216
650 _aCPD
650 _aORGANISATION
690 _aINTERNATIONAL-ASIA
856 4 0 _uhttps://www.hkis.org.hk
_zView the website free of charge at www.hkis.org.hk...
942 _n0
999 _c119609
_d119609